| 000 | 01418cam a22003374a 4500 | ||
|---|---|---|---|
| 999 |
_c66256 _d66256 |
||
| 001 | 13845422 | ||
| 003 | ARRUPE | ||
| 005 | 20170801101303.0 | ||
| 008 | 050119s2005 mau b 001 0 eng | ||
| 010 | _a 2005040292 | ||
| 020 | _a0674019253 | ||
| 040 |
_aDLC _cDLC _dDLC |
||
| 041 | 1 |
_aeng _hfre |
|
| 042 | _apcc | ||
| 050 | 0 | 0 |
_aB828.45 _b.R5313 2005 |
| 082 | 0 | 0 |
_a121/.3 _222 |
| 100 | 1 |
_aRicœur, Paul. _934122 |
|
| 240 | 1 | 0 |
_aParcours de la reconnaissance. _lEnglish |
| 245 | 1 | 4 |
_aThe course of recognition / _cPaul Ricœur ; translated by David Pellauer. |
| 260 |
_aCambridge, Mass. : _bHarvard University Press, _c2005. |
||
| 300 |
_axi, 297 p. ; _c22 cm. |
||
| 490 | 1 | _aInstitute for Human Sciences Vienna lecture series | |
| 504 | _aIncludes bibliographical references (p. 285-291) and index. | ||
| 505 | 0 | 0 | _aIntroduction -- Recognition as identification -- recognizing oneself -- Mutal recognition -- Conclusion: A review. |
| 650 | 0 |
_aPerception (Philosophy) _914386 |
|
| 650 | 0 |
_aPhenomenology. _934123 |
|
| 650 | 0 |
_aGratitude. _917257 |
|
| 830 | 0 |
_aVienna lecture series. _934124 |
|
| 906 |
_a7 _bcbc _corignew _d1 _eocip _f20 _gy-gencatlg |
||
| 942 |
_2lcc _cMONOGRAPH |
||